[Event "Aurec Cup"]
[Site "Aurec"]
[Date "2002.06.16"]
[Round "4"]
[White "Devaux, Frederic"]
[Black "Le Basnier, Yoann"]
[Result "1-0"]
[WhiteElo "1770"]
[BlackElo "1630"]
[PlyCount "37"]
[EventDate "2002.06.??"]
[EventType "team"]
[EventRounds "5"]
[EventCountry "FRA"]
[SourceTitle "EXT 2004"]
[Source "ChessBase"]
[SourceDate "2003.11.25"]
[SourceVersion "1"]
[SourceVersionDate "2003.11.25"]
[SourceQuality "1"]

1. e4 d6 2. d4 Nf6 3. Nc3 g6 4. f4 Bg7 5. Nf3 0-0 6. Be2 c6 7. h3 b5 8. a3 Nh5 9. Kf2 Nd7 10. Be3 e5 11. dxe5 dxe5 12. fxe5 Nxe5 13. Qxd8 Rxd8 14. Rad1 Nxf3 15. Rxd8+ Bf8 16. Bxf3 Nf6 17. Rdd1 Bb7 18. e5 Ne8 19. Nxb5 1-0

[Event "Aurec Cup"]
[Site "Aurec"]
[Date "2002.06.16"]
[Round "5"]
[White "Razafison, Ulrich"]
[Black "Le Basnier, Yoann"]
[Result "1/2-1/2"]
[WhiteElo "1499"]
[BlackElo "1630"]
[PlyCount "30"]
[EventDate "2002.06.??"]
[EventType "team"]
[EventRounds "5"]
[EventCountry "FRA"]
[SourceTitle "EXT 2004"]
[Source "ChessBase"]
[SourceDate "2003.11.25"]
[SourceVersion "1"]
[SourceVersionDate "2003.11.25"]
[SourceQuality "1"]

1. d4 Nf6 2. c4 c5 3. e3 cxd4 4. exd4 d5 5. Nf3 Bg4 6. Qb3 Bxf3 7. Qxf3 Nc6 8. Be3 Rb8 9. Nc3 dxc4 10. Rd1 Nb4 11. Bxc4 Nc2+ 12. Ke2 Nxe3 13. fxe3 e6 14. d5 Qb6 15. Bb3 Bc5 1/2-1/2